Rozmieszczenie dzielnic i zespołów magazynowych w miastach intensywnego rozwoju / (Rekord nr 7409)
| 000 -ETYKIETA REKORDU | |
|---|---|
| podpole kontrolne o stałej długości | 01080naa a22002177a 4500 |
| 003 - IDENTYFIKATOR NUMERU KONTROLNEGO REKORDU | |
| podpole kontrolne | BPK |
| 005 - DATA OSTATNIEJ MODYFIKACJI REKORDU | |
| podpole kontrolne | 20160301100035.0 |
| 008 - POLE O STAŁEJ DŁUGOŚCI - DANE KONTROLNE | |
| podpole kontrolne o stałej długości | 160301b1983 pl ||||| |||| 10| 0 pol |
| 040 ## - ŹRÓDŁO KATALOGOWANIA | |
| Instytucja, która utworzyła rekord | BPK |
| 080 ## - UNIWERSALNA KLASYFIKACJA DZIESIĘTNA - UKD | |
| UKD | 658.78 |
| 100 ## - NAZWA OSOBOWA | |
| Nazwa osobowa | MALEPSZY, Bonifacy. |
| Lata pracy | 1971 - 1996. |
| Instytucja | Wyższa Szkoła Inżynierska w Koszalinie - Instytut Budownictwa, |
| Wydział | Zakład Ekonomiki i Organizacji Budownictwa |
| 245 ## - TYTUŁ/ODPOWIEDZIALNOŚĆ | |
| Tytuł | Rozmieszczenie dzielnic i zespołów magazynowych w miastach intensywnego rozwoju / |
| Pozostałe elementy strefy tytułu i oznaczenia odpowiedzialności | Bonifacy Malepszy. |
| 260 ## - STREFA ADRESU WYDAWNICZEGO | |
| Data publikacji, dystrybucji/powstania dokumentu | 1983. |
| 500 ## - UWAGI OGÓLNE | |
| Tekst uwagi | Dane z kartoteki bpp. |
| 650 #0 - HASŁO PRZEDMIOTOWE W FORMIE NAZWY OGÓLNEJ LUB JEDNOSTKOWEJ | |
| Nazwa ogólna lub geograficzna | Gospodarka magazynowa. |
| 650 #0 - HASŁO PRZEDMIOTOWE W FORMIE NAZWY OGÓLNEJ LUB JEDNOSTKOWEJ | |
| Nazwa ogólna lub geograficzna | Miasta. |
| 655 #0 - TERMIN INDEKSOWY - OKREŚLENIE RODZAJU/FORMY DOKUMENTU | |
| Określnie rodzaju/formy dokumentu | Materiały konferencyjne. |
| 711 ## - HASŁO DODATKOWE - NAZWA IMPREZY | |
| Nazwa imprezy | Ogólnopolska Konferencja : Modernizacja i adaptacja istniejących zespołów przemysłowych w miastach intensywnego rozwoju |
| Data imprezy | (1982.09.04-05 ; |
| Miejsce imprezy | Drzonkowo k/Zielonej Góry, Polska). |
| 773 ## - TYTUŁ DOKUMENTU MACIERZYSTEGO | |
| Wyrażenie wprowadzające | W : |
| Tytuł | Modernizacja i adaptacja istniejących zespołów przemysłowych w miastach intensywnego rozwoju : Ogólnopolska Konferencja. - |
| Adres wydawniczy | Zielona Góra : TUP, 1983. - |
| Informacje dotyczące relacji | s. 45-56 |
| 942 ## - HASŁO DODATKOWE - ELEMENTY(KOHA) | |
| Typ dokumentu | Artykuł |
| Schemat klasyfikacji | Uniwersalna klasyfikacja dziesiętna |
Brak dostępnych egzemplarzy.
